000 00805nam a2200193Ii 4500
003 JO-AjNU
008 230605s9999||||xx |||||||||||||| ||und||
040 _aJO-AjNU
_bara
_erda
_cJO-AjNU
041 _aara
050 1 4 _aDS38.4.A2.I27.1978
100 3 _aتأليف: بن خلكان،ابي العباس شمس الدين احمد بن محمد بن ابي بكر؛ تحقيق: احسان عباس,
_eauthor
_958978
245 0 0 _aوفيات الاعيان وأنباء ابناء الزمان، مج3
264 3 1 _aبيروت: دار صادر، 1978
300 _aمجلد3: 524ص
_bيحتوي على فهرس من ص509-524
336 _atext
_btxt
_2rdacontent
337 _aunmediated
_bn
_2rdamedia
338 _avolume
_bnc
_2rdacarrier
650 4 _aتراجم- الانساب العربية
_958979
999 _aA26517
_c30085
_d30085